Cyclisme : Top 30 du Tour de France 2023 - Statistiques

Statistiques générales
  • Ce quiz a été pris 2 282 fois
  • Le résultat moyen est 17 sur 30
Statistiques - réponses
Pos Équipe Coureur % Correct
1er Jumbo-Visma Jonas Vingegaard
99%
2ème UAE Team Emirates Tadej Pogacar
99%
3ème UAE Team Emirates Adam Yates
96%
4ème Team Jayco-AlUla Simon Yates
95%
9ème Groupama-FDJ David Gaudu
94%
11ème Groupama-FDJ Thibaut Pinot
87%
10ème Cofidis Guillaume Martin
86%
12ème Jumbo-Visma Sepp Kuss
84%
5ème INEOS Grenadiers Carlos Rodriguez
79%
8ème AG2R Citroën Team Felix Gall
79%
7ème BORA-hansgrohe Jai Hindley
72%
17ème AG2R Citroën Team Ben O'Connor
68%
20ème Groupama-FDJ Valentin Madouas
68%
13ème INEOS Grenadiers Tom Pidcock
66%
6ème Bahrain Victorious Pello Bilbao
64%
22ème Team Arkéa-Samsic Warren Barguil
63%
14ème UAE Team Emirates Rafal Majka
56%
19ème Bahrain Victorious Mikel Landa
52%
18ème Jumbo-Visma Wilco Kelderman
39%
30ème Uno-X Pro Cycling Team Tobias Johannessen
37%
27ème Bahrain Victorious Wout Poels
35%
21ème BORA-hansgrohe Emanuel Buchmann
32%
24ème Jumbo-Visma Tiesj Benoot
30%
16ème Team Jayco-AlUla Chris Harper
29%
29ème Lidl-Trek Mattias Skjelmose
27%
15ème INEOS Grenadiers Jonathan Castroviejo
25%
26ème BORA-hansgrohe Bob Jungels
20%
28ème Bahrain Victorious Jack Haig
20%
23ème UAE Team Emirates Felix Grossschartner
19%
25ème AG2R Citroën Team Clément Berthet
15%
Aucun quiz correspondant
Distribution des résultats
% des personnes avec chaque résultat
Percentile par nombre de réponses
Votre historique - résultats
Vous n’avez pas pris ce quiz